Oh, la vache ! Quiz sur la vache - Statistiques

Statistiques générales
  • Ce quiz a été pris 153 fois
  • Le résultat moyen est 11 sur 24
Statistiques - réponses
Questions Réponses % Correct
Pays d'Asie où les vaches sont sacrées Inde
94%
Marque commerciale du plus célèbre fromage à pâte fondue La vache qui rit
90%
Pleuvoir dru ( comme .... ) Vache qui pisse
82%
Combien d'estomac possède une vache ? 4
81%
Garçon vacher américain Cow-boy
74%
Nationalité d'une vache parlant mal l'anglais Espagnole
69%
Personne ou institution dont on tire profit abusivement Vache à lait
68%
Jeune vache qui n'a pas encore eu de veau Génisse
63%
Jeu télévisé où l'on pouvait retrouver de célèbres vachettes Intervilles
63%
Nom de la vache accompagnant Fernandel au cinéma en 1959 Marguerite
63%
Encéphalopathie spongiforme bovine Maladie de la vache folle
59%
La terre ferme, en opposition au fait de naviguer sur l'eau ou de voler dans les airs Le plancher des vaches
46%
Race originaire de Bourgogne de couleur blanche Charolaise
43%
Période de difficultés financières ou de conditions difficiles Vaches maigres
39%
Selon Brassens, qu'y a-t-il "dans une peau de vache" ? Une jolie fleur
37%
Souhaiter la disparition des agents de la force publique Mort aux vaches
30%
Race laitière la plus répandue en France Prim'Holstein
23%
Entreprise leader de la serrurerie en France jusqu'en 2010 Vachette
22%
Série d'animation française mettant en scène les états d'âme d'une vache et diffusée initialement dans "Lîle aux enfants" La Noiraude
12%
Vivre dans la misère; mener une vie de dures privations; avoir une vie matérielle difficile Manger de la vache enragée
8%
Groupe de rock festif français auteur du titre "Les vaches" que l'on peut retrouver sur leur 2nd album "Crâne pas, t'es chauve " Marcel et son Orchestre
4%
Etre démonstratif lors de rencontres agricoles (politique) Tâter le cul des vaches
4%
Peintre et sculpteur français ( 1901-1985 ) théoricien de l"art brut", auteur d'une série de toiles sur les vaches Jean Dubuffet
3%
Ville des Pays-Bas ayant une vache sur son blason Edam
2%
Aucun quiz correspondant
Distribution des résultats
% des personnes avec chaque résultat
Percentile par nombre de réponses
Votre historique - résultats
Vous n’avez pas pris ce quiz